[Event "Novosibirsk-ch"]
[Site "Novosibirsk"]
[Date "2007.02.22"]
[Round "9"]
[White "Koshelev, Vladimir"]
[Black "Pak, Kil En"]
[Result "0-1"]
[WhiteElo "2059"]
[BlackElo "2263"]
[PlyCount "82"]
[EventDate "2007.02.14"]
[EventType "swiss"]
[EventRounds "9"]
[EventCountry "RUS"]
[SourceTitle "EXT 2008"]
[Source "ChessBase"]
[SourceDate "2007.11.25"]
[SourceVersion "1"]
[SourceVersionDate "2007.11.25"]
[SourceQuality "1"]

1. e4 c5 2. Nf3 e6 3. c4 Nc6 4. Nc3 Nf6 5. Be2 d6 6. d4 Be7 7. 0-0 0-0 8. h3 h6 9. Be3 e5 10. d5 Nd4 11. Nh2 Nh7 12. Bd3 Bg5 13. Qd2 f5 14. exf5 Bxf5 15. Bxf5 Rxf5 16. Ne4 Bf4 17. g3 Ng5 18. Nxg5 Qxg5 19. h4 Qg6 20. Kh1 Bxe3 21. fxe3 Rxf1+ 22. Nxf1 Nf3 23. Qg2 Rf8 24. Nh2 Nxh2 25. Kxh2 Qd3 26. b3 Qxe3 27. Rf1 Rxf1 28. Qxf1 Qe4 29. Qf2 a6 30. a4 Qg4 31. Qe3 Qf5 32. Kg2 Kf7 33. a5 Kf6 34. Qc3 Qe4+ 35. Kh2 Qe2+ 36. Kh3 Qf1+ 37. Kh2 Qe2+ 38. Kh3 Kf5 39. Qc1 g5 40. hxg5 hxg5 41. g4+ Qxg4+ 0-1

[Event "Kimry-ch"]
[Site "Kimry"]
[Date "2004.??.??"]
[Round "6"]
[White "Kudrin, Vladimir1111"]
[Black "Pak, Kil En"]
[Result "1-0"]
[WhiteElo "2009"]
[BlackElo "2158"]
[PlyCount "120"]
[EventDate "2004.??.??"]
[EventType "swiss"]
[EventRounds "9"]
[EventCountry "RUS"]
[SourceTitle "EXT 2005"]
[Source "ChessBase"]
[SourceDate "2004.11.15"]
[SourceVersion "1"]
[SourceVersionDate "2004.11.15"]
[SourceQuality "1"]

1. e4 c5 2. Nf3 d6 3. d4 cxd4 4. Nxd4 Nf6 5. Nc3 a6 6. Be2 e5 7. Nb3 Be7 8. 0-0 0-0 9. Bg5 Nxe4 10. Bxe7 Nxc3 11. Bxd8 Nxd1 12. Bc7 Nxb2 13. Bxd6 Re8 14. a4 Be6 15. Nc5 Bc4 16. Rfb1 Bxe2 17. Rxb2 Nc6 18. Re1 Bc4 19. Rxb7 Rad8 20. Bc7 Rd2 21. c3 f5 22. f3 Rc8 23. Bb6 Nd8 24. Rc7 Rxc7 25. Bxc7 Nc6 26. a5 Rc2 27. Nd7 Rxc3 28. Nxe5 Nxe5 29. Bxe5 Ra3 30. Bc7 Kf7 31. Bb6 Ra2 32. Rc1 Bb5 33. Rc7+ Kg6 34. Bd4 Rd2 35. Rxg7+ Kh6 36. Be5 Re2 37. Re7 Kg6 38. f4 Ra2 39. Bc7 h6 40. h3 Kh5 41. Rg7 Rd2 42. Be5 Rd7 43. Rg8 Bc4 44. Rg3 Kh4 45. Rc3 Bb5 46. Bf6+ Kh5 47. Rg3 Bc4 48. Rc3 Bb5 49. Rc5 Kg6 50. Bh4 Rd4 51. Bg3 Ra4 52. Re5 Rxa5 53. Re6+ Kg7 54. Bf2 Ra4 55. Be3 Rc4 56. Kh2 Bc6 57. g4 fxg4 58. hxg4 a5 59. Rd6 a4 60. Bd4+ Kh7 1-0